[Event "C.to Regionale Sardegna"]
[Site "Sardara ITA"]
[Date "2011.05.29"]
[Round "7"]
[White "Mameli, Gianluca"]
[Black "Boi, Fausto"]
[Result "1/2-1/2"]
[WhiteElo "1945"]
[BlackElo "1812"]
[PlyCount "157"]
[EventDate "2011.05.23"]

1. e4 e6 2. Nf3 d6 3. d4 g6 4. Bg5 Ne7 5. Bf6 Rg8 6. Bc4 Nd7 7. Bh4 h6 8. Nc3
b6 9. Qe2 a6 10. O-O Bg7 11. Rad1 Bb7 12. d5 e5 13. Nd2 g5 14. Bg3 Ng6 15. a4
Nf4 16. Qe3 Nf8 17. f3 Qf6 18. Ne2 N8g6 19. Be1 Bc8 20. g3 Nxe2+ 21. Bxe2 Bh3
22. Rf2 Bd7 23. Qc3 Kd8 24. b3 h5 25. Nc4 Qe7 26. Ne3 h4 27. Nf5 Bxf5 28. exf5
hxg3 29. hxg3 Nf8 30. Qc6 Ra7 31. Qc4 Rh8 32. Bc3 Qf6 33. Qg4 Qh6 34. Rg2 Nd7
35. Bd2 Bf6 36. Be3 Ke7 37. a5 Raa8 38. axb6 cxb6 39. Qb4 Rab8 40. Kf2 a5 41.
Qe4 Rbc8 42. Bb5 Nc5 43. Bxc5 bxc5 44. c4 Qf8 45. Ra1 Ra8 46. Qe1 Qd8 47. g4
Kf8 48. Ra4 Kg7 49. Ke3 Rh3 50. Ke4 Qc7 51. Rga2 Bd8 52. Qf1 Rh4 53. Qe1 Qe7
54. Bc6 Rb8 55. Bb5 Qf8 56. Qf2 Bc7 57. Qe1 Qh8 58. Qf2 Qh7 59. Re2 Rh8 60.
Raa2 Rh1 61. Rad2 Qh3 62. Qg2 Qxg2 63. Rxg2 Re1+ 64. Rge2 Rxe2+ 65. Rxe2 Rh1
66. Re3 Bd8 67. Rd3 Kf6 68. Ba4 Re1+ 69. Re3 Rxe3+ 70. Kxe3 Be7 71. Ke4 Bf8 72.
Bb5 Bg7 73. Kd3 Ke7 74. Ke4 Bf6 75. Kd3 e4+ 76. Kxe4 Bd4 77. Kd3 Kf6 78. Ke4
Bb2 79. Ba4 1/2-1/2

[Event "C.to Regionale Sardegna"]
[Site "Sardara ITA"]
[Date "2011.05.29"]
[Round "7"]
[White "Murtas, Paolo"]
[Black "Passalacqua, Tullio"]
[Result "1/2-1/2"]
[WhiteElo "1515"]
[BlackElo "1479"]
[PlyCount "67"]
[EventDate "2011.05.23"]

1. d4 d5 2. Nf3 Bg4 3. e3 e6 4. c4 c6 5. Nc3 Nf6 6. Be2 Qc7 7. Ne5 Bf5 8. Bd3
Ne4 9. O-O Bd6 10. Nf3 Bg4 11. Be2 Nxc3 12. bxc3 Bxf3 13. Bxf3 Bxh2+ 14. Kh1
Bd6 15. Qb3 Qd8 16. g3 b6 17. e4 dxe4 18. Bxe4 Qe7 19. Kg2 f5 20. Bd3 Nd7 21.
Bd2 O-O 22. Rae1 f4 23. c5 bxc5 24. Qxe6+ Qxe6 25. Rxe6 Rf6 26. Bc4 f3+ 27. Kg1
Kh8 28. Rfe1 Raf8 29. Bg5 Rg6 30. Rxg6 hxg6 31. Re4 Nf6 32. Rh4+ Nh7 33. Bd3
Kg8 34. Bc4+ 1/2-1/2

[Event "C.to Regionale Sardegna"]
[Site "Sardara ITA"]
[Date "2011.05.29"]
[Round "7"]
[White "Neri, Luca"]
[Black "Corona, Rafaele"]
[Result "1/2-1/2"]
[WhiteElo "1639"]
[BlackElo "1437"]
[PlyCount "49"]
[EventDate "2011.05.23"]

1. e4 d5 2. exd5 Qxd5 3. Nc3 Qa5 4. d4 Bf5 5. Bd3 Bxd3 6. Qxd3 c6 7. Nge2 Nf6
8. O-O e6 9. Bf4 Be7 10. Qg3 Nh5 11. Qg4 Nxf4 12. Nxf4 O-O 13. Rfe1 Nd7 14. d5
Bf6 15. dxe6 Bxc3 16. bxc3 Nf6 17. exf7+ Rxf7 18. Qg3 Qf5 19. Re2 Ne4 20. Qd3
Nxc3 21. Qxc3 Qxf4 22. Rae1 Raf8 23. Qb3 Kh8 24. Qg3 Qxg3 25. hxg3 1/2-1/2

[Event "C.to Regionale Sardegna"]
[Site "Sardara ITA"]
[Date "2011.05.29"]
[Round "7"]
[White "Palmas, Alessandro"]
[Black "Di Pinto, Vincenzo"]
[Result "1/2-1/2"]
[WhiteElo "1826"]
[BlackElo "1622"]
[PlyCount "81"]
[EventDate "2011.05.23"]

1. d4 Nf6 2. c4 e6 3. Nc3 d5 4. Bf4 Bd6 5. Bxd6 Qxd6 6. Nf3 O-O 7. e3 c6 8. Qc2
b6 9. cxd5 cxd5 10. Rc1 Bb7 11. Bd3 Nc6 12. a3 e5 13. Nb5 Qe7 14. dxe5 Nxe5 15.
Bf5 g6 16. Bh3 Nc4 17. O-O a6 18. Nbd4 Ne4 19. a4 f5 20. b3 Ncd6 21. Qc7 Qxc7
22. Rxc7 Rf7 23. Rfc1 Rc8 24. Rxc8+ Bxc8 25. Ne5 Re7 26. Nd3 Ng5 27. Nf4 Bb7
28. g3 Nxh3+ 29. Nxh3 h6 30. Nf4 Kf7 31. Kg2 g5 32. Nd3 a5 33. Nc6 d4 34. exd4
Re2 35. d5 Rd2 36. Nd8+ Ke8 37. Nxb7 Nxb7 38. Rc7 Nd6 39. Ne5 Ne4 40. d6 Rxd6
41. Nc4 1/2-1/2

[Event "C.to Regionale Sardegna"]
[Site "Sardara ITA"]
[Date "2011.05.29"]
[Round "7"]
[White "Pannella, Antonello"]
[Black "Murtas, Gianvito"]
[Result "0-1"]
[WhiteElo "1511"]
[BlackElo "1751"]
[PlyCount "48"]
[EventDate "2011.05.23"]

1. c4 e5 2. Nc3 Nf6 3. g3 d5 4. cxd5 Nxd5 5. Bg2 c6 6. Nf3 Bd6 7. a3 O-O 8. Ne4
Bc7 9. O-O f5 10. Nc3 e4 11. Nd4 Be5 12. Nb3 Na6 13. d4 Bd6 14. Qc2 Be6 15.
Nxd5 cxd5 16. Bd2 Rc8 17. Bc3 f4 18. Qd2 Qg5 19. Rac1 Qh5 20. Nc5 Bh3 21. Nxb7
Bxg2 22. Nxd6 Qh3 23. Nxc8 Bf3 24. Ne7+ Kh8 0-1

[Event "C.to Regionale Sardegna"]
[Site "Sardara ITA"]
[Date "2011.05.29"]
[Round "7"]
[White "Putzolu, Marcello"]
[Black "Saccheri, Fabio"]
[Result "0-1"]
[WhiteElo "1824"]
[BlackElo "1875"]
[PlyCount "46"]
[EventDate "2011.05.23"]

1. d4 d5 2. c4 e5 3. dxe5 d4 4. a3 a5 5. e3 Nc6 6. Nf3 Bc5 7. exd4 Bxd4 8. Nxd4
Qxd4 9. Qxd4 Nxd4 10. Ra2 Nc2+ 11. Kd2 Bf5 12. Kc3 Nd4 13. Nd2 O-O-O 14. a4 Ne7
15. g4 Bxg4 16. Bd3 Nec6 17. Be4 Ne2+ 18. Kb3 Nxc1+ 19. Rxc1 Rxd2 20. Bxc6 bxc6
21. Rg1 Rd3+ 22. Kc2 Bf5 23. Kc1 Rhd8 0-1

[Event "C.to Regionale Sardegna"]
[Site "Sardara ITA"]
[Date "2011.05.29"]
[Round "7"]
[White "Ricci, Maurizio"]
[Black "Pitzanti, Aldo"]
[Result "0-1"]
[WhiteElo "1287"]
[BlackElo "1401"]
[PlyCount "82"]
[EventDate "2011.05.23"]

1. e4 d5 2. exd5 Qxd5 3. Nc3 Qa5 4. d4 Nf6 5. Bd2 c6 6. Nf3 Bf5 7. Be2 e6 8. a3
Bd6 9. Ne4 Qc7 10. Nxd6+ Qxd6 11. Bb4 Qd8 12. O-O Nbd7 13. Re1 Qc7 14. Bd3 Bg6
15. Qd2 b6 16. Bc3 Nd5 17. Bc4 N7f6 18. g3 O-O 19. Bd3 Bxd3 20. cxd3 Rfe8 21.
h3 Qd7 22. Re5 h6 23. g4 Kf8 24. g5 hxg5 25. Qxg5 Ke7 26. Qxg7 Rg8 27. Rg5 Rxg7
28. Rxg7 Rg8 29. Rxg8 Nxg8 30. Bd2 Qd6 31. h4 Nf4 32. Kh2 Nxd3+ 33. Kh3 Nxf2+
34. Kg2 Ng4 35. Bg5+ f6 36. Be3 Nxe3+ 37. Kh3 Nf5 38. Rg1 Kf7 39. Kg4 Ngh6+ 40.
Kh5 Qf4 41. Rg6 Qxf3+ 0-1

[Event "C.to Regionale Sardegna"]
[Site "Sardara ITA"]
[Date "2011.05.29"]
[Round "7"]
[White "Sanna, Yuri"]
[Black "Nessi, Davide"]
[Result "0-1"]
[WhiteElo "1779"]
[BlackElo "1756"]
[PlyCount "104"]
[EventDate "2011.05.23"]

1. d4 Nf6 2. Nc3 d5 3. e4 dxe4 4. f3 exf3 5. Nxf3 e6 6. Bd3 Be7 7. Qe2 Nc6 8.
Be3 Nb4 9. O-O-O Nxd3+ 10. Qxd3 Ng4 11. Bg1 Bf6 12. h3 Nh6 13. g4 g6 14. Be3
Bg7 15. Qd2 Ng8 16. h4 Nf6 17. Ne5 Nd5 18. Bh6 O-O 19. Bxg7 Kxg7 20. h5 g5 21.
h6+ Kh8 22. Ne2 f6 23. c4 Nb6 24. Ng3 fxe5 25. Qe2 Nd7 26. Nh5 b6 27. Ng7 Qe7
28. Qe4 Rb8 29. d5 Rf4 30. Qe2 Ba6 31. dxe6 Rxc4+ 32. Qxc4 Bxc4 33. Rxd7 Qc5
34. Kb1 Bxe6 35. Nxe6 Qc6 36. Rhd1 Qxe6 37. Rxc7 Qg6+ 38. Ka1 Qxh6 39. a4 Re8
40. b4 e4 41. Rc2 e3 42. Re1 Qf6+ 43. Ka2 Qe6+ 44. Ka3 e2 45. a5 Qxg4 46. a6
Qf3+ 47. Ka4 g4 48. Rc4 Qf2 49. Rb1 e1=Q 50. Rb3 Qa2+ 51. Ra3 Qxc4 52. Re3
Qxa6+ 0-1

[Event "C.to Regionale Sardegna"]
[Site "Sardara ITA"]
[Date "2011.05.29"]
[Round "7"]
[White "Serra, Emanuele"]
[Black "Marano, Daniele"]
[Result "1-0"]
[WhiteElo "1786"]
[BlackElo "1663"]
[PlyCount "55"]
[EventDate "2011.05.23"]

1. c4 e5 2. Nc3 Bb4 3. g3 Bxc3 4. bxc3 d6 5. Bg2 Ne7 6. d4 f6 7. e4 O-O 8. Nf3
Nbc6 9. O-O Qe8 10. Nh4 f5 11. f4 fxe4 12. Bxe4 Bh3 13. Re1 Nf5 14. Bd5+ Kh8
15. Ng2 Qg6 16. Be4 Qf6 17. fxe5 dxe5 18. Rf1 exd4 19. g4 Bxg2 20. Rxf5 Qh4 21.
Rxf8+ Rxf8 22. Bxg2 Qf2+ 23. Kh1 d3 24. Ba3 Rd8 25. Qf3 Qc2 26. Rf1 h6 27. Qf5
Qe2 28. Be4 1-0

[Event "C.to Regionale Sardegna"]
[Site "Sardara ITA"]
[Date "2011.05.29"]
[Round "8"]
[White "Boi, Fausto"]
[Black "Maldarelli, Lorenzo"]
[Result "0-1"]
[WhiteElo "1812"]
[BlackElo "1813"]
[PlyCount "118"]
[EventDate "2011.05.23"]

1. e3 c5 2. g3 e6 3. Bg2 Nf6 4. d3 Nc6 5. Ne2 g6 6. b3 Bg7 7. Bb2 O-O 8. Nd2 d5
9. a3 e5 10. h3 d4 11. e4 Ne8 12. g4 Nd6 13. Ng3 Qe7 14. Nf3 f5 15. gxf5 gxf5
16. exf5 Bxf5 17. Nxf5 Rxf5 18. Nd2 Raf8 19. Rf1 Qh4 20. Qe2 e4 21. Nxe4 Nxe4
22. Bxe4 Rf4 23. Bc1 R4f6 24. Qg4 Qxg4 25. hxg4 Ne5 26. g5 Rb6 27. Rh1 Ng6 28.
Bd2 Re8 29. f4 Nf8 30. Ke2 h6 31. Rag1 hxg5 32. Rxg5 Rg6 33. Rhg1 Rxg5 34. Rxg5
b6 35. f5 Kf7 36. Kf3 Bh6 37. Bd5+ Kf6 38. Kg4 Re2 39. Bf4 Bxg5 40. Bxg5+ Ke5
41. Be4 Rf2 42. Bh6 Nd7 43. Bg7+ Kd6 44. Kg5 Ne5 45. Bf8+ Kd7 46. Kf6 Ng4+ 47.
Kg6 Rxc2 48. f6 Ne5+ 49. Kg7 Ke6 50. Be7 Rf2 51. Bb7 Rf1 52. Bc8+ Nd7 53. Bxd7+
Kxd7 54. Kf7 Rf3 55. Kf8 Rxd3 56. f7 Rf3 57. b4 c4 58. b5 c3 59. Bb4 Ke6 0-1

[Event "C.to Regionale Sardegna"]
[Site "Sardara ITA"]
[Date "2011.05.29"]
[Round "8"]
[White "Camboni, Paolo"]
[Black "Sanna, Yuri"]
[Result "1-0"]
[WhiteElo "1875"]
[BlackElo "1779"]
[PlyCount "58"]
[EventDate "2011.05.23"]

1. d4 Nf6 2. c4 c5 3. d5 b5 4. cxb5 a6 5. b6 Qxb6 6. Nc3 d6 7. e4 g6 8. Nf3
Nbd7 9. Be2 Bg7 10. O-O O-O 11. Nd2 Qc7 12. Nc4 Nb6 13. Ne3 e5 14. f3 Nh5 15.
a4 Nf4 16. a5 Nd7 17. Nc4 Nxe2+ 18. Qxe2 Rb8 19. Na4 f5 20. Nab6 fxe4 21. fxe4
Rxf1+ 22. Qxf1 Nf6 23. Qe1 Bd7 24. Qh4 Bb5 25. Bg5 Qe7 26. Rf1 Rf8 27. Nc8 Qd8
28. N8xd6 Bxc4 29. Nxc4 Qe7 1-0

[Event "C.to Regionale Sardegna"]
[Site "Sardara ITA"]
[Date "2011.05.29"]
[Round "8"]
[White "Corona, Rafaele"]
[Black "Pannella, Antonello"]
[Result "0-1"]
[WhiteElo "1437"]
[BlackElo "1511"]
[PlyCount "59"]
[EventDate "2011.05.23"]

1. e4 e6 2. Nf3 d5 3. Nc3 dxe4 4. Nxe4 Nc6 5. d4 Be7 6. c3 Nf6 7. Bd3 Qd5 8.
Qe2 Qa5 9. O-O Bd7 10. Bf4 Nxe4 11. Bxe4 f5 12. Bd3 O-O-O 13. b4 Bxb4 14. cxb4
Qxb4 15. Rab1 Qe7 16. Bg5 Qd6 17. Bxd8 Rxd8 18. Qb2 b6 19. Bb5 Na5 20. Bxd7+
Rxd7 21. Ne5 Re7 22. Rfc1 g5 23. Nc4 Nxc4 24. Rxc4 h5 25. Rbc1 h4 26. Qd2 f4
27. Qe2 Rg7 28. Qg4 Qd5 29. Qh5 Rd7 30. Qxg5 0-1

[Event "C.to Regionale Sardegna"]
[Site "Sardara ITA"]
[Date "2011.05.29"]
[Round "8"]
[White "Deruda, Leonardo"]
[Black "Ibba, Isacco"]
[Result "0-1"]
[WhiteElo "1930"]
[BlackElo "2187"]
[PlyCount "98"]
[EventDate "2011.05.23"]

1. c4 b6 2. Nf3 Bb7 3. g3 e6 4. Bg2 f5 5. O-O Nf6 6. d3 Be7 7. Nc3 O-O 8. Bf4
d6 9. Qc2 e5 10. Bg5 Nbd7 11. b4 Qe8 12. Nb5 Bd8 13. d4 e4 14. Nd2 a6 15. Nc3
c6 16. Bf4 d5 17. c5 b5 18. a4 bxa4 19. Nxa4 Qh5 20. e3 g5 21. Bd6 Rf7 22. Qd1
Qg6 23. f3 h5 24. fxe4 Nxe4 25. Nxe4 dxe4 26. Nb2 Qe6 27. Qe2 Nf6 28. Nc4 Rh7
29. Ne5 Ng4 30. h3 Nxe5 31. Bxe5 Bc8 32. Qf2 g4 33. Bxe4 Rf7 34. Bb1 Qg6 35.
Ba2 Be6 36. Bxe6 Qxe6 37. h4 Kh7 38. Qe2 Rfa7 39. Qf2 Kg6 40. Ra3 Rb7 41. Qd2
Qc4 42. Qf2 Qe6 43. Ra4 Be7 44. Qe2 Rb5 45. e4 Qb3 46. exf5+ Kf7 47. Raa1 Bf6
48. Rab1 Qd5 49. Qd2 Bxe5 0-1

[Event "C.to Regionale Sardegna"]
[Site "Sardara ITA"]
[Date "2011.05.29"]
[Round "8"]
[White "Di Pinto, Vincenzo"]
[Black "Mameli, Gianluca"]
[Result "0-1"]
[WhiteElo "1622"]
[BlackElo "1945"]
[PlyCount "64"]
[EventDate "2011.05.23"]

1. d4 d5 2. Nf3 Nc6 3. c4 e6 4. a3 Nf6 5. Nc3 h6 6. h3 Be7 7. b3 O-O 8. e3 Re8
9. Bb2 Bf8 10. Bd3 g6 11. Qc2 Bg7 12. O-O Ne7 13. Rae1 c6 14. Ne5 Qc7 15. f4 a6
16. g4 c5 17. g5 Nh5 18. Nxf7 Kxf7 19. gxh6 Bxh6 20. dxc5 Qxc5 21. Na4 Qc6 22.
e4 Ng3 23. Rf3 Nxe4 24. Bxe4 dxe4 25. Qc3 Rg8 26. Qf6+ Ke8 27. Rg3 Bg7 28. Qh4
Bxb2 29. Nxb2 Nf5 30. Qh7 Rg7 31. Qh8+ Kf7 32. Rg2 b5 0-1

[Event "C.to Regionale Sardegna"]
[Site "Sardara ITA"]
[Date "2011.05.29"]
[Round "8"]
[White "Erriu, Giampiero"]
[Black "Altea, Alessandro"]
[Result "0-1"]
[WhiteElo "1734"]
[BlackElo "1813"]
[PlyCount "78"]
[EventDate "2011.05.23"]

1. d4 Nf6 2. c4 Nc6 3. Nc3 e5 4. dxe5 Nxe5 5. e3 Ng6 6. Be2 Bb4 7. a3 Bxc3+ 8.
bxc3 O-O 9. Nf3 b6 10. O-O Bb7 11. Rb1 d6 12. Re1 Re8 13. Qc2 Ne4 14. Bd3 Nc5
15. Bxg6 hxg6 16. Qe2 Qf6 17. Rd1 Be4 18. Bd2 Bxb1 19. Rxb1 Ne4 20. Rc1 Nxd2
21. Qxd2 Rad8 22. h3 Qe6 23. Qa2 d5 24. Nd4 Qd7 25. cxd5 Qxd5 26. c4 Qd7 27.
Nf3 c5 28. Re1 Qe7 29. Qe2 Rd7 30. g3 Red8 31. h4 Qf6 32. Rf1 Qc3 33. Ng5 Qd3
34. Qf3 Qxc4 35. h5 Qd5 36. Qg4 Qf5 37. Qxf5 gxf5 38. e4 fxe4 39. Nxe4 Rd1 0-1

[Event "C.to Regionale Sardegna"]
[Site "Sardara ITA"]
[Date "2011.05.29"]
[Round "8"]
[White "Neri, Enzo"]
[Black "Altea, Giovanni"]
[Result "1-0"]
[WhiteElo "2099"]
[BlackElo "1896"]
[PlyCount "89"]
[EventDate "2011.05.23"]

1. d4 Nf6 2. c4 Nc6 3. Nf3 e6 4. a3 g6 5. Nc3 Bg7 6. e4 d6 7. h3 O-O 8. Be3 h6
9. Bd3 e5 10. d5 Ne7 11. g4 a6 12. g5 hxg5 13. Nxg5 Nh5 14. Be2 Nf4 15. Bxf4
exf4 16. h4 f6 17. Nh3 Bxh3 18. Rxh3 Bh6 19. Bd3 f5 20. Qf3 Qe8 21. O-O-O Qf7
22. Rg1 Qf6 23. Rh2 Kf7 24. exf5 Nxf5 25. Ne4 Qe5 26. h5 g5 27. Nxg5+ Ke7 28.
Ne6 Nd4 29. Nxd4 Qxd4 30. Re1+ Kd8 31. Re4 Qf6 32. Re6 Qg5 33. Rg6 Qe5 34. Rxh6
Re8 35. Re6 Rxe6 36. dxe6 Ke7 37. Qe4 Qf6 38. Qh7+ Kxe6 39. f3 d5 40. Qxc7 Qf7
41. Re2+ Kf6 42. Qxf4+ Kg7 43. h6+ Kf8 44. Qd6+ Kg8 45. Rg2+ 1-0

[Event "C.to Regionale Sardegna"]
[Site "Sardara ITA"]
[Date "2011.05.29"]
[Round "8"]
[White "Nessi, Davide"]
[Black "Marano, Daniele"]
[Result "1-0"]
[WhiteElo "1756"]
[BlackElo "1663"]
[PlyCount "67"]
[EventDate "2011.05.23"]

1. e4 e5 2. f4 exf4 3. Bc4 Nf6 4. Nc3 Nxe4 5. Bxf7+ Kxf7 6. Qh5+ g6 7. Qd5+ Kg7
8. Nxe4 Nc6 9. Nf3 Be7 10. O-O Rf8 11. b3 Rf5 12. Bb2+ Kh6 13. Qc4 d5 14. Qc3
Qf8 15. Nf2 Rf7 16. d4 Bb4 17. Qd3 Bf5 18. Qd1 Ba3 19. Bc3 Nb4 20. Ne5 Re7 21.
Qd2 Nxc2 22. Qxf4+ Kg7 23. Rad1 Rae8 24. Qd2 Kg8 25. g4 Rxe5 26. dxe5 d4 27.
Ne4 dxc3 28. Qxc2 Bc5+ 29. Kh1 Bxe4+ 30. Qxe4 Qe7 31. Qc4+ Kh8 32. Qxc3 Bb6 33.
e6+ Kg8 34. Rf7 1-0

[Event "C.to Regionale Sardegna"]
[Site "Sardara ITA"]
[Date "2011.05.29"]
[Round "8"]
[White "Palmas, Alessandro"]
[Black "Putzolu, Marcello"]
[Result "0-1"]
[WhiteElo "1826"]
[BlackElo "1824"]
[PlyCount "103"]
[EventDate "2011.05.23"]

1. e4 c5 2. Nc3 e6 3. f4 a6 4. Nf3 d5 5. e5 Nc6 6. Be2 Nge7 7. O-O Ng6 8. d3
Be7 9. Kh1 O-O 10. Bd2 Qc7 11. Ng1 Bd7 12. Bh5 Nd4 13. Re1 b5 14. Nce2 Nxe2 15.
Nxe2 Bc6 16. d4 Bb7 17. c3 c4 18. Qc2 Rac8 19. Rf1 a5 20. a3 Qb6 21. f5 exf5
22. Qxf5 b4 23. axb4 axb4 24. Rfb1 b3 25. Nf4 Rb8 26. Nh3 Bc8 27. Qf3 Bxh3 28.
gxh3 Qc6 29. Rf1 Ra8 30. Rxa8 Qxa8 31. Bc1 Qc6 32. Qf2 Qa6 33. Bg4 Qc6 34. Qe2
Kh8 35. e6 fxe6 36. Rxf8+ Nxf8 37. Qf2 Bf6 38. Qf4 Qe8 39. Qd6 Qf7 40. Kg2 Bh4
41. Bf4 Kg8 42. Qc7 Qxc7 43. Bxc7 Be1 44. Ba5 Bd2 45. Bb4 Bc1 46. Ba3 Kf7 47.
Kf3 Nd7 48. Ke2 Nb6 49. Kd1 Bf4 50. Bh5+ g6 51. Bf3 Bxh2 52. h4 0-1

[Event "C.to Regionale Sardegna"]
[Site "Sardara ITA"]
[Date "2011.05.29"]
[Round "8"]
[White "Passalacqua, Tullio"]
[Black "Caredda, Giuseppe"]
[Result "1-0"]
[WhiteElo "1479"]
[BlackElo "1608"]
[PlyCount "95"]
[EventDate "2011.05.23"]

1. d4 Nf6 2. c4 e6 3. Bg5 Be7 4. Nc3 h6 5. Bh4 c6 6. e3 d5 7. Nf3 Nbd7 8. Bg3
dxc4 9. Bxc4 b5 10. Bd3 O-O 11. O-O Re8 12. Bc2 Nh5 13. Qd3 Nhf6 14. e4 Nf8 15.
e5 Nh5 16. Ne2 a5 17. Qe4 Qc7 18. Nf4 Nxg3 19. fxg3 Bb7 20. Nh5 c5 21. Qg4 g5
22. Nf6+ Bxf6 23. exf6 Bxf3 24. Rxf3 cxd4 25. Bd3 Nh7 26. Qh5 e5 27. Be4 Nxf6
28. Rxf6 Qa7 29. Bxa8 d3+ 30. Kh1 Rxa8 31. Rxh6 Kf8 32. Rh8+ Ke7 33. Rxa8 Qxa8
34. Qxg5+ f6 35. Qg7+ Ke6 36. Qg4+ Kf7 37. Qd7+ Kg8 38. Qxd3 e4 39. Qc3 f5 40.
Rc1 Kh7 41. Qc7+ Kg6 42. Qc6+ Qxc6 43. Rxc6+ Kg5 44. h3 f4 45. Rc5+ Kf6 46.
gxf4 e3 47. Re5 e2 48. Rxe2 1-0

[Event "C.to Regionale Sardegna"]
[Site "Sardara ITA"]
[Date "2011.05.29"]
[Round "8"]
[White "Pitzanti, Aldo"]
[Black "Cao, Carlo"]
[Result "1/2-1/2"]
[WhiteElo "1401"]
[BlackElo "1461"]
[PlyCount "41"]
[EventDate "2011.05.23"]

1. d4 Nf6 2. Nc3 g6 3. Bg5 Bg7 4. Qd2 d5 5. e3 Bf5 6. Bf4 O-O 7. O-O-O a5 8. f3
a4 9. a3 Nbd7 10. g4 Be6 11. h4 h5 12. gxh5 Nxh5 13. Nge2 Nb6 14. Ng3 Nxf4 15.
exf4 Nc4 16. Bxc4 dxc4 17. Nge2 Qd7 18. h5 Bf5 19. h6 Bh8 20. h7+ Kg7 21. Rdg1
1/2-1/2

[Event "C.to Regionale Sardegna"]
[Site "Sardara ITA"]
[Date "2011.05.29"]
[Round "8"]
[White "Pitzanti, Matteo"]
[Black "Murtas, Gianvito"]
[Result "1/2-1/2"]
[WhiteElo "1500"]
[BlackElo "1751"]
[PlyCount "41"]
[EventDate "2011.05.23"]

1. d4 Nf6 2. Nc3 e6 3. Bg5 Be7 4. e4 O-O 5. Qd3 d6 6. O-O-O Nc6 7. f3 a5 8. h4
Nb4 9. Qd2 c6 10. g4 Bd7 11. Bxf6 Bxf6 12. g5 Be7 13. f4 d5 14. e5 c5 15. Nf3
c4 16. h5 Nc6 17. Rg1 b5 18. g6 h6 19. Qg2 f5 20. Kd2 b4 21. Nb1 1/2-1/2

[Event "C.to Regionale Sardegna"]
[Site "Sardara ITA"]
[Date "2011.05.29"]
[Round "8"]
[White "Ricci, Maurizio"]
[Black "Murtas, Paolo"]
[Result "1/2-1/2"]
[WhiteElo "1287"]
[BlackElo "1515"]
[PlyCount "21"]
[EventDate "2011.05.23"]

1. e4 c6 2. d4 d5 3. e5 Bf5 4. Nf3 e6 5. Nc3 Nd7 6. Be2 Bb4 7. Bd2 a6 8. O-O
Bg4 9. h3 Bh5 10. a3 Bxc3 11. Bxc3 1/2-1/2

[Event "C.to Regionale Sardegna"]
[Site "Sardara ITA"]
[Date "2011.05.29"]
[Round "8"]
[White "Saccheri, Fabio"]
[Black "Belvisi, Ivano"]
[Result "1/2-1/2"]
[WhiteElo "1875"]
[BlackElo "2003"]
[PlyCount "30"]
[EventDate "2011.05.23"]

1. e4 e6 2. d4 d5 3. exd5 exd5 4. Nf3 Nf6 5. Bd3 Bd6 6. O-O O-O 7. Bg5 Bg4 8.
Nbd2 Nbd7 9. c3 h6 10. Bxf6 Nxf6 11. h3 Bxf3 12. Nxf3 c6 13. Re1 Qb6 14. Qb3
Qxb3 15. axb3 a6 1/2-1/2

[Event "C.to Regionale Sardegna"]
[Site "Sardara ITA"]
[Date "2011.05.29"]
[Round "8"]
[White "Toniolo, Massimo"]
[Black "Neri, Luca"]
[Result "1-0"]
[WhiteElo "1748"]
[BlackElo "1639"]
[PlyCount "77"]
[EventDate "2011.05.23"]

1. e4 e5 2. Nf3 Nf6 3. Nxe5 d6 4. Nf3 Nxe4 5. d4 d5 6. Bd3 Nf6 7. Bg5 Be7 8.
O-O O-O 9. h3 Be6 10. Re1 h6 11. Bh4 Nbd7 12. Nbd2 Rc8 13. c3 c5 14. Nf1 Re8
15. dxc5 Bxc5 16. Bb5 Qb6 17. Bxd7 Bxd7 18. Rb1 Ne4 19. Nd4 Bxd4 20. Qxd4 Qxd4
21. cxd4 Rc2 22. Ne3 Rd2 23. Red1 Rxd1+ 24. Rxd1 Be6 25. Rc1 f5 26. f3 Nd6 27.
Bg3 Nb5 28. Be5 Rc8 29. Rxc8+ Bxc8 30. a4 Nxd4 31. Bxd4 a6 32. Nxd5 Kf7 33. Kf2
g6 34. Ke3 Ke6 35. Nf4+ Kf7 36. b4 Bd7 37. a5 g5 38. Nd3 Kg6 39. Ne5+ 1-0